Beiträge zur Regionalforschung und Landschaftslehre /

Hlavní autor: Voráček, Vladimír
Korporativní autor: Geografický ústav (Československá akademie věd)
Jazyk: Němčina
Vydáno: Praha : Academia, 1971
Edice: Studia geographica
Fyzický popis: 219 s. : il.
Knihy
Uloženo v:
LEADER 01068nam a22003012a 4500
001 001359220
003 CZ BrMZK
005 20140211100950.0
007 ta
008 140115s1971 xr a er|||||||||||ger d
015 |a cnb000431458 
035 |a (OCoLC)857278 
040 |a ABD063  |b cze  |c ABD063  |d BOA001 
080 9 |a 332.14 
100 1 |a Voráček, Vladimír  |4 aut 
245 1 0 |a Beiträge zur Regionalforschung und Landschaftslehre /  |c Vladimír Voráček 
260 |a Praha :  |b Academia,  |c 1971 
300 |a 219 s. :  |b il. 
490 1 |a Studia geographica ;  |v 17. 
504 |a Obsahuje bibliografii 
550 |a Vydavatel: Geografický ústav ČSAV 
710 2 |a Geografický ústav (Československá akademie věd)  |7 ko2002159730 
830 0 |a Studia geographica  |0 s 
910 |a BOA001  |b 2-0661.321 
990 |a BK 
991 |b 201401 
996 7 |b 2619006723  |c 2-0661.321  |l Sklad H1  |r Sklad / do 24 hodin  |n 0  |h HS212  |w 001394097  |u 000010  |a 1  |e BOA001  |j MZK50  |s A 
996 6 |b 2619006724  |c 2-0661.321  |l Sklad H1  |r Sklad / do 24 hodin  |n 0  |h HS212  |w 001394097  |u 000020  |a 1  |e BOA001  |j MZK50  |s P